00301cam a22000977a 4500008004000000082001700040245005600057260004600113300000900159700003500168180718b1962 xxu||||| |||| 00| 0 eng d aN6503x54 In2 aArmy rules 1 Oct, 1962cby Ministry of Home Affairs aNew DelhibMinistry of Home Affairsc1962 av.p. aIndia.Ministry of Home Affairs